The delhi school education act,1973 with the delhi school educatin rules, 1973 and decided cases / (Record no. 123663)

MARC details
000 -LEADER
fixed length control field 00701nam a22002177a 4500
005 - DATE AND TIME OF LATEST TRANSACTION
control field 20170124105928.0
010 ## - LIBRARY OF CONGRESS CONTROL NUMBER
LC control number A-353331
020 ## - INTERNATIONAL STANDARD BOOK NUMBER
Terms of availability 45.00
035 ## - SYSTEM CONTROL NUMBER
System control number A-353331
037 ## - SOURCE OF ACQUISITION
Source of stock number/acquisition Cen Lib/Ret
040 ## - CATALOGING SOURCE
Original cataloging agency DPL
Language of cataloging EN
082 ## - DEWEY DECIMAL CLASSIFICATION NUMBER
Classification number 370.26
100 ## - MAIN ENTRY--PERSONAL NAME
Personal name Kumar, H.L.
9 (RLIN) 7608
245 ## - TITLE STATEMENT
Title The delhi school education act,1973 with the delhi school educatin rules, 1973 and decided cases /
Statement of responsibility, etc by H.L. Kumar
260 ## - PUBLICATION, DISTRIBUTION, ETC. (IMPRINT)
Place of publication, distribution, etc Delhi
Name of publisher, distributor, etc Universal Book Traders
Date of publication, distribution, etc 00??
270 ## - ADDRESS
City Delhi
Address 80, gokhale market opp. new courts
Postal code 110054
300 ## - PHYSICAL DESCRIPTION
Extent vbiii, 168p.
Dimensions 23cm(Hb)
650 ## - SUBJECT ADDED ENTRY--TOPICAL TERM
Topical term or geographic name as entry element School education
Geographic subdivision Delhi
9 (RLIN) 7609
650 ## - SUBJECT ADDED ENTRY--TOPICAL TERM
Topical term or geographic name as entry element Rules and acts
9 (RLIN) 7610
942 ## - ADDED ENTRY ELEMENTS (KOHA)
Source of classification or shelving scheme Dewey Decimal Classification
Koha item type English Books
Classification part 370.26
Call number suffix KUM
Holdings
Withdrawn status Lost status Damaged status Not for loan Home library Current library Date acquired Source of acquisition Cost, normal purchase price Total Checkouts Full call number Barcode Date last seen Copy number Cost, replacement price Price effective from Koha item type
        Central Library Central Library 11/06/2015 Cen Lib/Ret 45.00   370.26 KUM A-353331 11/06/2015 1 45.00 11/06/2015 English Books

© Delhi Public Library
Hit Counter
free hit counter